000 00652nam a2200229Ia 4500
003 OSt
005 20220928105555.0
006 a|||||r|||| 00| 0
007 ta
008 220927b |||||||| |||| 00| 0 eng d
024 _a45232
037 _cTextual
040 _aSDCL
_cSDCL
_beng
041 _2eng
_aeng
082 _aO152,1K23:g, L0
100 _aRakesh Vishnudutt Sharma
_9415822
245 0 _aAachaya kulpati mishr
_bVyaktitwa aur krititatwa.
260 _aDehradun
_bSaathiyasadan
_c1970
300 _a368p.
_ccm.
942 _hO152,1K23:g, L0
_cTEXL
_2CC
999 _c731708
_d731708